Statistics for WWF Royal Rumble 1993 Entrants Quiz

Click here to take the quiz!

General Stats

  • This quiz has been taken 197 times
  • The average score is 18 of 30

Answer Stats

ENAnswerEL% Correct
27YokozunaW
92%
30Macho Man Randy Savage29
87%
1Ric Flair4
85%
15The Undertaker15
84%
28Owen Hart25
82%
4Ted Dibiase13
77%
10Mr. Perfect8
74%
25Tito Santana23
68%
23Earthquake22
67%
26Rick Martel27
65%
18Irwin R. Schyster19
64%
2Bob Backlund28
62%
3Papa Shango1
62%
29Repo Man26
62%
21Typhoon16
62%
5Brian Knobbs2
59%
20Jerry Sags24
58%
19Tatanka20
57%
7Jerry Lawler6
53%
11Skinner5
51%
14The Berzerker14
51%
12Koko B. Ware12
50%
22Fatu18
49%
6Virgil7
49%
24Carlos Colon21
48%
13Samu9
48%
17Damien Demento17
45%
8Max Moon3
45%
16Terry Taylor11
43%
9Genichiro Tenryu10
42%

Score Distribution

Percentile by Number Answered

Percent of People with Each Score

Your Score History

You have not taken this quiz